Les plus grands affluents de la Loire - Statistiques

Statistiques générales
  • Ce quiz a été pris 55 fois
  • Le résultat moyen est 8 sur 37
Statistiques - réponses
Longueur Département de confluence Rivière % Correct
367,8 37 Le Cher
96%
279,3 37 L' Indre
94%
425 18 L' Allier
83%
92 49 L' Èvre
81%
372 37 La Vienne
65%
158,9 44 La Sèvre Nantaise
63%
49,6 58 La Nièvre
58%
97,4 44 L' Erdre
38%
77,1 43 L' Ance
19%
106,4 3 La Besbre
17%
81 37 La Cisse
15%
103,8 58 L' Aron
15%
132,4 71 L' Arroux
15%
99,8 49 L' Authion
15%
114,9 41 Le Beuvron
15%
90 49 Le Layon
15%
142,2 49 Le Thouet
15%
59 42 Le Lignon du Forez
13%
85,1 43 Le Lignon du Velay
13%
61,7 58 L' Acolin
12%
99 71 L' Arconce
12%
67 18 La Vauvise
10%
59,7 42 Le Rhins
10%
49,6 42 L' Aix
8%
40 44 L' Acheneau
4%
43,8 43 L' Arzon
4%
52 49 La Verzée
4%
48 43 La Borne
2%
52 42 La Coise
2%
46,9 42 La Mare
2%
45,8 43 La Semène
2%
46 3 La Somme
2%
42,9 18 L' Aubois
2%
41,3 3 La Vouzance
2%
59 41 Le Fouzon
2%
45 58 Le Nohain
2%
47 42 Le Sornin
2%
Aucun quiz correspondant
Distribution des résultats
% des personnes avec chaque résultat
Percentile par nombre de réponses
Votre historique - résultats
Vous n’avez pas pris ce quiz